Recent cases - do they clarify or confuse? (Record no. 74062)
[ view plain ]
| 000 -LEADER | |
|---|---|
| fixed length control field | 01999cab a2200325 4500 |
| 001 - CONTROL NUMBER | |
| control field | ABS67460 |
| 008 - FIXED-LENGTH DATA ELEMENTS--GENERAL INFORMATION | |
| fixed length control field | 040119n2003 000 0 eng u |
| 035 ## - SYSTEM CONTROL NUMBER | |
| System control number | (Sirsi) u124867 |
| 100 ## - MAIN ENTRY--PERSONAL NAME | |
| Personal name | Lewsley, C. |
| 245 ## - TITLE STATEMENT | |
| Title | Recent cases - do they clarify or confuse? |
| 260 ## - PUBLICATION, DISTRIBUTION, ETC. | |
| Date of publication, distribution, etc. | 2003 |
| 490 ## - SERIES STATEMENT | |
| Series statement | Rating and Valuation Reporter |
| Volume/sequential designation | 43(12) December 2003, 347-352(6) |
| 520 ## - SUMMARY, ETC. | |
| Summary, etc. | Considers the role of case reports in rating and valuation law. The author argues that in rating and valuation law, case law fulfils two roles, firstly the interpretation and application of the meaning of the legislation and secondly the establishment of a framework and foundation for principles of valuation for rating. Refers to three recent cases "Martin and others v Hewitt (VO)" (RA/3-7/2001, Abs67288) concerned with the definition of domestic property in the Local Government Finance Act 1988 s66, "Tully v Jorgensen (VO)" (RA/22/2001, Abs67200) which look at the interpretation of Local Government Finance Act 1988 s66(1) in relation to home working and "Ebury (VO)" (RA/1/2003, [2003] RA 261) which looked at the Non Domestic Rating (Alteration of Lists and Appeals) Regulations 1993. These cases illustrates the interpretative role of case law. "O'Brien v Harwood (VO)" (RA/22/2002, Abs67201) illustrates the framework role of case law by laying down guidance on the principle of uniformity and the principle on the ability of pay. |
| 590 ## - LOCAL NOTE (RLIN) | |
| Local note | ABS |
| 650 ## - SUBJECT ADDED ENTRY--TOPICAL TERM | |
| Topical term or geographic name entry element | LAW REPORTS |
| 650 ## - SUBJECT ADDED ENTRY--TOPICAL TERM | |
| Topical term or geographic name entry element | MARTIN AND OTHERS V HEWITT (VO) |
| 650 ## - SUBJECT ADDED ENTRY--TOPICAL TERM | |
| Topical term or geographic name entry element | TULLY V JORGENSEN (VO) |
| 650 ## - SUBJECT ADDED ENTRY--TOPICAL TERM | |
| Topical term or geographic name entry element | EBURY (VO) |
| 650 ## - SUBJECT ADDED ENTRY--TOPICAL TERM | |
| Topical term or geographic name entry element | O'BRIEN V HARWOOD (VO) |
| 650 ## - SUBJECT ADDED ENTRY--TOPICAL TERM | |
| Topical term or geographic name entry element | RATING VALUATION |
| 650 ## - SUBJECT ADDED ENTRY--TOPICAL TERM | |
| Topical term or geographic name entry element | VALUATION METHODS |
| 650 ## - SUBJECT ADDED ENTRY--TOPICAL TERM | |
| Topical term or geographic name entry element | TONE OF THE LIST |
| 650 ## - SUBJECT ADDED ENTRY--TOPICAL TERM | |
| Topical term or geographic name entry element | HOME WORKING |
| 650 ## - SUBJECT ADDED ENTRY--TOPICAL TERM | |
| Topical term or geographic name entry element | RATING ASSESSMENT |
| 650 ## - SUBJECT ADDED ENTRY--TOPICAL TERM | |
| Topical term or geographic name entry element | LOCAL GOVERNMENT FINANCE ACT 1988 S66 |
| 650 ## - SUBJECT ADDED ENTRY--TOPICAL TERM | |
| Topical term or geographic name entry element | NON DOMESTIC RATING (ALTERATION OF LISTS AND APPEALS) REGULATIONS 1993 |
| 650 ## - SUBJECT ADDED ENTRY--TOPICAL TERM | |
| Topical term or geographic name entry element | CURTILAGE |
| 690 ## - LOCAL SUBJECT ADDED ENTRY--TOPICAL TERM (OCLC, RLIN) | |
| Topical term or geographic name as entry element | RATING AND LOCAL TAXATION |
| 942 ## - ADDED ENTRY ELEMENTS (KOHA) | |
| Suppress in OPAC | 0 |
| Withdrawn status | Lost status | Source of classification or shelving scheme | Damaged status | Not for loan | Home library | Current library | Shelving location | Date acquired | Total Checkouts | Full call number | Barcode | Date last seen | Copy number | Price effective from | Koha item type |
|---|---|---|---|---|---|---|---|---|---|---|---|---|---|---|---|
| Dewey Decimal Classification | London | London | Journal article | 19/01/2004 | ABS67460 | 124867-1001 | 06/08/2019 | 1 | 06/08/2019 | Journal article |